000 00445nam a2200169 a 4500
005 20240612121610.0
008 240612t2019 my ||||| |||| 00| 0 may d
020 0 0 _a9789672137658
040 _aAKMAL
082 0 0 _a899.2333 ROS
090 0 0 _a899.2333
_bROS
245 1 0 _aAli Alauddin /
_cRose Harissa
260 0 0 _aSelangor :
_bIdea Kreatif Publication,
_c2019
300 _a304p. :
_bill. ;
_c18cm
650 0 0 _aMalay fiction
942 _2ddc
_cBOOK
999 _c5001
_d5001